| 000 | 00361 a2200157 4500 | ||
|---|---|---|---|
| 001 | 49904 | ||
| 020 | _a8570568231 | ||
| 040 | _cAnchieta - Bela Vista | ||
| 100 | _aLadeira, Julieta de Godoy | ||
| 240 | 1 | 0 |
_aJacaré não manda carta _lpor |
| 245 | 1 | 0 | _aJacaré não manda carta |
| 300 | _a38 | ||
| 362 | 0 | _a1996 | |
| 650 | 4 | _aLiteratura juvenil | |
| 942 | _cBK | ||
| 999 |
_c49904 _d49904 |
||